| 000 | 01083nmm a2200313 a 4500 | ||
|---|---|---|---|
| 001 | ocm0002146699 | ||
| 003 | TR-IsHL | ||
| 005 | 20201028183553.0 | ||
| 008 | 190407s2018 tu tur | ||
| 007 | cr cn | ||
| 020 | _a9786059801829 | ||
| 035 |
_a2146699 _b(N$T) |
||
| 050 | 0 | 4 |
_aPN51 _b.T373 2018 |
| 090 | 0 | 4 |
_aPN51 _b.T373 2018 |
| 100 | 1 | _aTatar, Taner | |
| 245 | 1 | 0 |
_aKelimeler ve kalemler: edebiyat sosyolojisinin edebî mümkinâtı _h[electronic resource] / _cTaner Tatar ; editör Fatma Gedikoğlu Üstün |
| 260 |
_aAnkara : _bPhoenix Yayınevi, _c2018 |
||
| 300 | _a223 p. | ||
| 500 | _aKaynakça var | ||
| 650 | 4 | _aDil ve Edebiyat | |
| 650 | 4 | _aLanguage and Literature | |
| 650 | 0 | _aEdebiyat ve toplum | |
| 650 | 0 | _aLiterature and society | |
| 650 | 0 |
_aEdebiyat _x Tarih ve eleştiri |
|
| 650 | 0 |
_aLiterature _x History and criticism |
|
| 650 | 7 |
_aLITERARY CRITICISM / Middle Eastern _2bisacsh |
|
| 700 | 1 | _aÜstün, Fatma Gedikoğlu | |
| 856 | 4 | 0 | _uhttp://search.ebscohost.com/login.aspx?direct=true&scope=site&db=e011xww&AN=2146699 |
| 999 |
_c20600 _d20600 |
||